เปลี่ยนเป็นภาษาไทย

Change to English
 แสดงรายละเอียดบรรณานุกรม
  กลับหน้าหลัก

Brief Record : Get Marc (ISO 2709) : E-mail record : QR code กลับ
หนังสือการแพทย์ E-books หนังสือทั่วไป : เกี่ยวกับ Collections
LEADER 00000nam 2200000uu 4500
001    39251
003     ULIBM
008    020711s2568 th a 000 0 tha d
020    9786166035629
060    WY160 ว448ส
100    วัลลภา อันดารา
245    สัมพันธภาพและการสื่อสารระหว่างพยาบาลกับผู้ป่วยจิตเวช/วัลลภา อันดารา
250    พิมพ์ครั้งที่ 2
260    กรุงเทพฯ :^bวิทยาลัยพยาบาลทหารอากาศ,^c2568
300    206 หน้า
650    Psychiatric Nursing
650    Nurse-Patient Relations
650    Communication
650    Interpersonal Relations
650    Mental Disorders—nursing
999    ^aฐานิตา โสภะสุนทร
รายการนี้ยังไม่มีแท็ก
คุณยังไม่ได้ล็อกอิน คุณสามารถมีกิจกรรมร่วมกับเว็บไซต์ได้ แต่ต้องล็อกอินก่อน ::
  ล็อกอิน
ลำดับที่ ประเภท เลขเรียก/บาร์โค้ด สถานที่ สถานะ
1. หนังสือทั่วไป
หนังสือทั่วไป
WY160 ว448ส 2568 ฉ.1 
  Barcode: 005427
ห้องสมุดโรงพยาบาลจิตเวชขอนแก่นราชนครินทร์
►KRPH Library
On Shelf
  ขอยืม
2. หนังสือทั่วไป
หนังสือทั่วไป
WY160 ว448ส 2568 ฉ.2 
  Barcode: 005428
ห้องสมุดโรงพยาบาลจิตเวชขอนแก่นราชนครินทร์
►KRPH Library
On Shelf
  ขอยืม
3. หนังสือทั่วไป
หนังสือทั่วไป
WY160 ว448ส 2568 ฉ.3 
  Barcode: 005429
ห้องสมุดโรงพยาบาลจิตเวชขอนแก่นราชนครินทร์
►KRPH Library
On Shelf
  ขอยืม
4. หนังสือทั่วไป
หนังสือทั่วไป
WY160 ว448ส 2568 ฉ.4 
  Barcode: 005430
ห้องสมุดโรงพยาบาลจิตเวชขอนแก่นราชนครินทร์
►KRPH Library
On Shelf
  ขอยืม
5. หนังสือทั่วไป
หนังสือทั่วไป
WY160 ว448ส 2568 ฉ.5 
  Barcode: 005431
ห้องสมุดโรงพยาบาลจิตเวชขอนแก่นราชนครินทร์
►KRPH Library
On Shelf
  ขอยืม
   [แสดง 5/5 รายการ]

รายการใกล้เคียง
    หัวเรื่อง [Psychiatric Nursing]
    หัวเรื่อง [Communication]
    หัวเรื่อง [Interpersonal Relations]

BibComment


ยังไม่เคยถูกคอมเมนท์

คอมเมนท์ทรัพยากรรายการนี้
  คอมเมนท์: สัมพันธภาพและการส..
Bib 39251


 Union Library Management : ULibM
Copyright 2026. All Rights Reserved.